Súdna ochrana menšín v medzinárodnom práve.

Saved in:
Bibliographic Details
Format: Book
Language:Slovak
Published: Bratislava : Kubko Goral, 1995
Edition:1. vyd.
Series:Porozumenie
Subjects:
ISBN: (brož.)
Physical Description: 32 s.
Tags: Add Tag
No Tags, Be the first to tag this record!

MARC

LEADER 00000nam a2200000 a 4500
001 000027840
003 SVKK
005 19990608000000.0
008 970425s1995 xo e sloo
020 |a (brož.) 
040 |a SVKKK  |b slo  |c SVKKK  |e AACR2 
041 0 |a slo 
044 |a xo  |c SK 
080 |a 341:321.15(035)  |2 1997 
245 0 0 |a Súdna ochrana menšín v medzinárodnom práve. 
250 |a 1. vyd. 
260 |a Bratislava :  |b Kubko Goral,  |c 1995 
300 |a 32 s. 
440 0 |a Porozumenie 
500 |a Názov a text aj v maďarčine. 
653 0 |a právo medzinárodné  |2 SVKKKPH 
653 0 |a menšiny národnostné  |2 SVKKKPH 
653 0 |a príručky  |2 SVKKKPH 
655 7 |a monografie  |2 SVKKKPH 
910 |a svkkk 
974 |a MI  |d 19970425 
974 |a KL  |d 19970513 
974 |a MI  |d 19990608 
998 |a BK 
090 |g SCKHL  |k Sklad Pribinova 2. posch.  |a III.175725  |j 904706  |i 2720443928  |s Absenčne